Trimestriel de la Culture Egyptienne
Saved in:
Corporate Author:
Format: Book
Language: Undetermined
Published:
Cairo
Ministry of Culture
1999
Tags: Add Tag
No Tags, Be the first to tag this record!
Call Number:
| LEADER | 00310nam a2200109Ia 4500 | ||
|---|---|---|---|
| 008 | 240503s9999||||xx |||||||||||||| ||und|| | ||
| 245 | 1 | 0 | |a Trimestriel de la Culture Egyptienne |
| 264 | 1 | |a Cairo |b Ministry of Culture |c 1999 | |
| 300 | |a 63 |c 28 | ||
| 710 | 2 | |a Trimestriel de la culture egyptienne | |
| 942 | |2 lcc |c BK | ||
| 999 | |c 58342 |d 58342 | ||
